الأعداد / (رقم التسجيلة. 51792)

تفاصيل مارك
000 -LEADER
fixed length control field 00547nam a22001937a 4500
005 - DATE AND TIME OF LATEST TRANSACTION
control field 20251108170914.0
008 - FIXED-LENGTH DATA ELEMENTS--GENERAL INFORMATION
fixed length control field 250721s1996 xx 000 0 ara d
082 14 - DEWEY DECIMAL CLASSIFICATION NUMBER
Classification number ط/511.2/ألب
100 1# - MAIN ENTRY--PERSONAL NAME
Personal name مطلق، ألبير
245 10 - TITLE STATEMENT
Title الأعداد /
264 1# - PRODUCTION, PUBLICATION, DISTRIBUTION, MANUFACTURE, AND COPYRIGHT NOTICE
Place of production, publication, distribution, manufacture بيروت :
Name of producer, publisher, distributor, manufacturer مكتبة لبنان،
Date of production, publication, distribution, manufacture, or copyright notice 1996.
300 ## - PHYSICAL DESCRIPTION
Extent 21ص
490 0# - SERIES STATEMENT
Series statement كتب الفراشه : كتابي الأول
650 17 - SUBJECT ADDED ENTRY--TOPICAL TERM
Topical term or geographic name as entry element الأعداد
650 17 - SUBJECT ADDED ENTRY--TOPICAL TERM
Topical term or geographic name as entry element الحساب
653 ## - INDEX TERM--UNCONTROLLED
Uncontrolled term ناشاون صغار (6-9) سنوات
942 ## - ADDED ENTRY ELEMENTS (KOHA)
Source of classification or shelving scheme Dewey Decimal Classification
Koha item type كتب
المقتنيات
حالة السحب حالة الفقدان مصدر التصنيف حالة التلف غير قابل للإعارة المكتبة الرئيسية المكتبة الحالية موقع الرف تاريخ التزويد الرقم المتسلسل Total Checkouts رقم الإستدعاء تاريخ آخر ظهور تاريخ الفاتورة نوع المادة (كوها) الباركود
    Dewey Decimal Classification Unchecked   مكتبة أبو علندا العامة مكتبة أبو علندا العامة الأطفال 06/07/2004 1379   ط/511.2/ألب 28/07/2025 06/07/2004 كتب  
    Dewey Decimal Classification     مكتبة الأميرة سلمى مكتبة الأميرة سلمى الإعارة 28/07/2025 568269   ط/511.2/ألب 28/07/2025 28/07/2025 كتب 568269
    Dewey Decimal Classification     مكتبة البراءة للأطفال مكتبة البراءة للأطفال الأطفال 26/09/2013 366586   ط/511.2/ألب 28/07/2025 26/09/2013 كتب PLD00279970
    Dewey Decimal Classification     مكتبة الياسمين للأطفال مكتبة الياسمين للأطفال الأطفال 25/03/2014 556994   ط/511.2/ألب 28/07/2025 25/03/2014 كتب PLD00296573
    Dewey Decimal Classification     مكتبة بدر الجديدة للأطفال مكتبة بدر الجديدة للأطفال الأطفال 28/07/2025 400435   ط/511.2/ألب 28/07/2025 28/07/2025 كتب 400435
    Dewey Decimal Classification     مكتبة بدر للأطفال مكتبة بدر للأطفال الأطفال 24/08/2022 290296   ط/511.2/ألب 28/07/2025 24/08/2022 كتب PLD00500255
Implemented & Customized by: BBB with SCIT (Smart Chains for Information Technology)

Powered by Koha